003550000a22001210004500090001700000245007800017041001300095700002700108100002800135942001300163773004000176999001700216 aASbSeriadas10aHongos de Colombia - IV. Bisporella triseptata and its allies in Colombia0 aInglés1 aDumont, Kent P.9961881 aCarpenter, S. E.996191 cARTICULO1 tCaldasia345h58q339-348d1978g12 c14418d14418